Souls of Black Folk: Authoritative Text Contexts Criticism. (Record no. 248078)

000 -LEADER
fixed length control field 00251 a2200097 4500
001 - CONTROL NUMBER
control field 13005
090 ## - LOCALLY ASSIGNED LC-TYPE CALL NUMBER (OCLC); LOCAL CALL NUMBER (RLIN)
-- 10009
-- 10009
100 ## - MAIN ENTRY--PERSONAL NAME
Personal name Bois,W.E.B.D
245 ## - TITLE STATEMENT
Title Souls of Black Folk: Authoritative Text Contexts Criticism.
260 ## - PUBLICATION, DISTRIBUTION, ETC.
Place of publication, distribution, etc.
Name of publisher, distributor, etc. W W Norton & Company
Date of publication, distribution, etc.
942 ## - ADDED ENTRY ELEMENTS (KOHA)
Institution code [OBSOLETE] NUST-CAE
Koha item type
--
Holdings
Withdrawn status Lost status Damaged status Not for loan Collection code Permanent Location Current Location Date acquired Total Checkouts Barcode Date last seen Price effective from Koha item type
          College of Aeronautical Engineering (CAE) College of Aeronautical Engineering (CAE) 04/03/2017   CAEN-2913 04/05/2017 04/05/2017 Book
© 2023 Central Library, National University of Sciences and Technology. All Rights Reserved.